000 00856nam a2200253 a 4500
001 BRCA_8267
005 20190320210213.0
008 060614s1920----sp-####f##---#000-0#cat-#
041 _acat
044 _asp
050 4 _aJC143.M3
_b.P5 1920
100 1 _aMachiavelli, N.
_d1469-1527
_920643
245 1 0 _aLo príncep
_cN. Machiavelli ; traducció catalana, ara per primera volta publicada precedid d´un breu comentari per J. Pin y Soler.
260 _aBarcelona
_bLibrería antigua y moderna de S. Barbo
_c1920
300 _a188 p.
_c23 cm.
500 _aDedicatoria del traductor al señor Franz Mayer
500 _aEjemplar numerado 133 de 200
500 _aS28
650 1 4 _aCiencias políticas
_vLiteratura
_920644
650 1 4 _aÉtica política
_vNarrativa
_920645
700 1 _aPin y Soler, J.
_etr.
_920646
902 _aGFM
942 _2lcc
_cB
999 _c7935
_d7935